书目信息 |
| 题名: |
化学激光
|
|
| 作者: | 桑凤亭 | |
| 分册: | ||
| 出版信息: | 北京 化学工业出版社 2000 |
|
| 页数: | 121 | |
| 开本: | 20cm | |
| 丛书名: | 高新技术科普丛书 | |
| 单 册: | ||
| 中图分类: | TN248.5 | |
| 科图分类: | ||
| 主题词: | 激光技术 , 微波激射技术 | |
| 电子资源: | ||
| ISBN: | 7-5025-2969-1 | |
| 000 | 00600nam0 2200217 450 | |
| 001 | 0741144344 | |
| 005 | 20070817112544.34 | |
| 010 | @a7-5025-2969-1@d¥10.00 | |
| 100 | @a20070817d km y0chiy0120 ea | |
| 101 | 0 | @achi |
| 200 | 1 | @a化学激光@Ahua xue ji guang@f桑凤亭等@Fsang feng ting deng |
| 210 | @a北京@c化学工业出版社@d2000 | |
| 215 | @a121@d20cm | |
| 225 | 2 | @a高新技术科普丛书 |
| 410 | 0 | @12001 @a高新技术科普丛书 |
| 606 | 0 | @a激光技术 |
| 606 | 0 | @a微波激射技术 |
| 690 | @aTN248.5@v3 | |
| 701 | 0 | @a桑凤亭@Asang feng ting |
| 801 | 0 | @aCN@bPFT@c20070817 |
| 905 | @a213230@dTN248.5@en1@f1 | |
| 化学激光/桑凤亭等.-北京:化学工业出版社,2000 |
| 121;20cm.-(高新技术科普丛书) |
| ISBN 7-5025-2969-1:¥10.00 |
| ● |
| 相关链接 |
|
|
|
|
正题名:化学激光
索取号:TN248.5/n1
 
预约/预借
| 序号 | 登录号 | 条形码 | 馆藏地/架位号 | 状态 | 备注 |
| 1 | 6600757 | 266007572 | 密集书库-生命科学系/ [索取号:TN248.5/n1] | 在馆 |